000 01208nam a22002417a 4500
999 _c172633
_d172633
005 20200210113557.0
010 _aENG-127771-78
020 _c450.00(v1)
035 _aEN-111303-310
037 _bDBAD/PUB
082 _a580
100 _aRagland,Annie
245 _aCollege Botany/
_cby Annie Ragland,V.Kumaresan[and]N.Arumugam
246 _aAlgae
250 _a1st ed.
260 _aTamil Nadu
_bSaras Publications
_c2016
270 _a114/35G,A.R.P.Camp Road,Reriavilai,Kottar P.O.,Nagercoil
_bKanyakumari Dist
_e629002
300 _a 8-vols,(xxii,746p.; xx,551p.;xviii,538p.;xvii,514p.;xxii,825p.;xxii,814p.;xxii,802p.;xviii,573p.)
_c23cm(pbk)
505 _avol-1-Algae--vol-2-Fungi,Lichens,Bacteria,Viruses,Plant Pathology,Plant Protection,Plant Immunity--vol-3-Bryophytes,Pteridophytes,Gymnosperms,Palaeobotany--vol-4-Angiosperm,Morphology,Taxonomy,Families Economic Botany,Medicinal Botany,Ethnobotany--vol-5-Cell Biology, Molecular Biology,Genetics--vol-6-Plant Anatomy,Micro Techniques,Embryology,Horticulture,Plant Breeding--vol-7-Plant Physiology--vol-8-Plant Ecology,Phytogeography.
700 _aKumaresan,V
700 _aArumugam,N
942 _2ddc
_cEN
_mARU
_h580